Golden opportunity (Record no. 114238)
[ view plain ]
| 000 -LEADER | |
|---|---|
| fixed length control field | 00985cad a22002055a 4500 |
| 001 - CONTROL NUMBER | |
| control field | L156397 |
| 008 - FIXED-LENGTH DATA ELEMENTS--GENERAL INFORMATION | |
| fixed length control field | 120516s2012 xxk f 000 0 eng d |
| 035 ## - SYSTEM CONTROL NUMBER | |
| System control number | (Sirsi) u156397 |
| 041 0# - LANGUAGE CODE | |
| Language code of text/sound track or separate title | eng |
| 110 2# - MAIN ENTRY--CORPORATE NAME | |
| Corporate name or jurisdiction name as entry element | Savills |
| 9 (RLIN) | 2020 |
| 245 00 - TITLE STATEMENT | |
| Title | Golden opportunity |
| Remainder of title | Is it time to commit to residential investment? |
| Medium | [electronic resource] |
| 490 #0 - SERIES STATEMENT | |
| Series statement | Savills Residential Property Focus |
| Volume/sequential designation | 2 QR 2012 |
| 520 ## - SUMMARY, ETC. | |
| Summary, etc. | A special supplement on residential investment opportunities. The growth of the private rented sector, impact of increases in stamp duty, market forecasts for mainstream and prime sectors and residential development. Concludes with a comparision between the pros and cons of buying verses renting. |
| 590 ## - LOCAL NOTE (RLIN) | |
| Local note | KA NTK |
| 651 #4 - SUBJECT ADDED ENTRY--GEOGRAPHIC NAME | |
| Geographic name | United Kingdom |
| Chronological subdivision | |
| 690 ## - LOCAL SUBJECT ADDED ENTRY--TOPICAL TERM (OCLC, RLIN) | |
| Topical term or geographic name as entry element | Residential property |
| 9 (RLIN) | 6266 |
| 690 ## - LOCAL SUBJECT ADDED ENTRY--TOPICAL TERM (OCLC, RLIN) | |
| Topical term or geographic name as entry element | Investments |
| 9 (RLIN) | 6250 |
| 856 40 - ELECTRONIC LOCATION AND ACCESS | |
| Uniform Resource Identifier | <a href="https://www.savills.co.uk/research/residential-research.aspx">https://www.savills.co.uk/research/residential-research.aspx</a> |
| Public note | View the report after free registration at www.savills.co.uk |
| 942 ## - ADDED ENTRY ELEMENTS (KOHA) | |
| Suppress in OPAC | 0 |
| Withdrawn status | Lost status | Source of classification or shelving scheme | Damaged status | Not for loan | Home library | Current library | Shelving location | Date acquired | Total Checkouts | Full call number | Barcode | Date last seen | Copy number | Price effective from | Koha item type |
|---|---|---|---|---|---|---|---|---|---|---|---|---|---|---|---|
| Dewey Decimal Classification | Virtual | Virtual | Online | 16/05/2012 | ONLINE PUBLICATION | 156397-2001 | 06/08/2019 | 1 | 06/08/2019 | Book |